Teen Wolf personnages par image - Statistiques

Statistiques générales
  • Ce quiz a été pris 1 859 fois
  • Le résultat moyen est 18 sur 24
Statistiques - réponses
Par images Réponse % Correct
Allison
97%
Scott
97%
Derek
96%
Stiles
96%
Lydia
95%
Jackson
90%
Malia
89%
Peter
89%
Liam
86%
Melissa
81%
Theo
81%
Kate
76%
Deucalion
69%
Chris
68%
Danny
68%
Ethan et Aiden
65%
Meredith
64%
Mason
61%
Erica
60%
Cora
58%
Hayden
55%
Corey
50%
Brett
41%
Nolan
31%
Aucun quiz correspondant
Distribution des résultats
% des personnes avec chaque résultat
Percentile par nombre de réponses
Votre historique - résultats
Vous n’avez pas pris ce quiz